Vybrané aspekty uplatnenia v profesii policajta
Poslanie policajného zboru a profesia policajta. Systém policajného vzdelávania. Prezentácia vybraných vedeckých zistení v oblasti výkonu policajnej služby. Motivačné faktory vzdelávania policajtov.
Gespeichert in:
| 1. Verfasser: | |
|---|---|
| Format: | Buchkapitel |
| Sprache: | Slowakisch |
| Schlagworte: | |
| Tags: |
Keine Tags, Fügen Sie das erste Tag hinzu!
|
MARC
| LEADER | 00000naa$a2200000$$$4500 | ||
|---|---|---|---|
| 001 | 0238852 | ||
| 005 | 20250228132615.3 | ||
| 041 | 0 | |a slo | |
| 044 | |a SK | ||
| 245 | 1 | 0 | |a Vybrané aspekty uplatnenia v profesii policajta |c Ľubica Baričičová |
| 520 | |a Poslanie policajného zboru a profesia policajta. Systém policajného vzdelávania. Prezentácia vybraných vedeckých zistení v oblasti výkonu policajnej služby. Motivačné faktory vzdelávania policajtov. | ||
| 610 | 2 | 0 | |a profesiografia |
| 610 | 2 | 0 | |a polícia |
| 610 | 2 | 0 | |a zložky bezpečnostné |
| 610 | 2 | 0 | |a pracovníci |
| 610 | 2 | 0 | |a vzdelávanie |
| 610 | 2 | 0 | |a vzdelávanie ďalšie |
| 100 | 1 | |a Baričičová, Ľubica | |